LEADER 00927nam0-22003251i-450- 001 990005319390403321 005 20110204141729.0 035 $a000531939 035 $aFED01000531939 035 $a(Aleph)000531939FED01 035 $a000531939 100 $a19990604d1976----km-y0itay50------ba 101 0 $aita 102 $aIT 105 $ay-------001yy 200 1 $aAgiografia altomedioevale$fa cura di Sofia Boesch Gajano 210 $aBologna$cil Mulino$dc1976 215 $a304 p.$d22 cm 225 1 $aProblemi e prospettive$iSerie di storia 610 0 $aAgiografia$aSaggi$aSec. 6.-11. 610 0 $aSanti$aCulto$aSec. 6.-11. 676 $a223 702 1$aBoesch Gajano,$bSofia$f<1934- > 801 0$aIT$bUNINA$gRICA$2UNIMARC 901 $aBK 912 $a990005319390403321 952 $a223 BOE 1$bIst.st.rel. 1531$fFLFBC 959 $aFLFBC 996 $aAgiografia altomedioevale$9596987 997 $aUNINA LEADER 01391nam--2200433---450- 001 990001124390203316 005 20070129120615.0 010 $a88-07-10401-6 035 $a000112439 035 $aUSA01000112439 035 $a(ALEPH)000112439USA01 035 $a000112439 100 $a20030114d2006----km-y0itay50------ba 101 0 $aita 102 $aIT 105 $ay|||z|||001yy 200 1 $a<> nuovi ceti popolari$echi ha preso il posto della classe operaia?$fMauro Magatti, Mario De Benedittis 210 $aMilano$cFeltrinelli$d2006 215 $a245 p.$d22 cm 225 2 $aCampi del sapere 410 0$12001$aCampi del sapere 606 0 $aClassi sociali$yItalia$xInchieste sociologiche 606 0 $aProletariato$yItalia 676 $a305.56 700 1$aMAGATTI,$bMauro$0126481 701 1$aDE BENEDITTIS,$bMario$0151414 801 0$aIT$bsalbc$gISBD 912 $a990001124390203316 951 $aII.5. 144(XV B 1415)$b189765 L.M.$cXV B$d00125332 951 $aII.5. 144a$b195578 L.M.$cII.5.$d00120386 951 $aII.5. 144b$b195579 L.M.$cII.5.$d00120387 959 $aBK 969 $aUMA 979 $aPATRY$b90$c20030114$lUSA01$h1210 979 $aPATRY$b90$c20040406$lUSA01$h1718 979 $aANNAMARIA$b90$c20060612$lUSA01$h0948 979 $aANNAMARIA$b90$c20070129$lUSA01$h1206 996 $aNuovi ceti popolari$9727659 997 $aUNISA